banner-ar

PAPERCRAFTS: 100 FANTASTIC PAPER PROJECT / (Record no. 14689)

MARC details
000 -الفاتح
حقل البيانات ثابتة الطول 00546nam a2200217Ia 4500
008 - عناصر البيانات ثابتة الطول - معلومات عامة
حقل البيانات ثابتة الطول 140319s9999 xx 000 0 eng d
040 ## - مصدر الفهرسة
وكالة الفهرسة الأصلية GCL /
وكالة النسخ GCL
082 04 - رقم تصنيف ديوى العشرى
رقم التصنيف 745.54
رقم المادة A A
100 1# - المدخل الرئيسى - إسم شخصى
الإسم الشخصى ELLIOT MARION
245 10 - بيان العنوان
العنوان PAPERCRAFTS: 100 FANTASTIC PAPER PROJECT /
بيان المسئوليه,etc ELLIOT MARION
700 1# - المدخل الاضافى - اسم شخصى
الإسم الشخصى ACART, ANGELA
700 1# - المدخل الاضافى - اسم شخصى
الإسم الشخصى JACKSON, PAUL
260 ## - PUBLICATION, DISTRIBUTION, ETC. (IMPRINT)
تاريخ النشر أو التوزيع 1995
300 ## - الوصف المادى
التعداد 128 P
650 04 - المدخل الاضافى بالموضوع-مصطلح موضوعى
مصطلح موضوعي HANDCRAFT
650 04 - المدخل الاضافى بالموضوع-مصطلح موضوعى
مصطلح موضوعي PAPER CRAFT
650 04 - المدخل الاضافى بالموضوع-مصطلح موضوعى
مصطلح موضوعي ARTS
650 04 - المدخل الاضافى بالموضوع-مصطلح موضوعى
مصطلح موضوعي PAPER PROJECTS
942 ## - عناصر المدخل الإضافي( كوها)
مصدر التصنيف او مخطط الترفيف Dewey Decimal Classification
Koha [default] item type كتاب
260 ## - PUBLICATION, DISTRIBUTION, ETC. (IMPRINT)
-- [S.N] :
-- LORENZ BOOKS ،
Holdings
حالة التراجع حالة الفقد حالة تلف ليس للاعارة المكان المؤقت الموقع الحالى تاريخ الاكتساب اجمالي اﻻعارات رقم الطلب الباركود تاريخ اخر مشاهدة تاريخ تفعيل السعر نوع وعاء كوها
        مكتبة القاهرة الكبرى مكتبة القاهرة الكبرى 03/26/2014   745.54\A A 27539 03/26/2014 03/26/2014 كتاب

Powered By

EGPV